<?xml version="1.0" encoding="UTF-8"?>
<record
    xmlns:xsi="http://www.w3.org/2001/XMLSchema-instance"
    xsi:schemaLocation="http://www.loc.gov/MARC21/slim http://www.loc.gov/standards/marcxml/schema/MARC21slim.xsd"
    xmlns="http://www.loc.gov/MARC21/slim">

  <leader>00863nam a22002417a 4500</leader>
  <controlfield tag="005">20251021131802.0</controlfield>
  <controlfield tag="008">130702t       mx |||| |||| 00| 0 spa d</controlfield>
  <datafield tag="020" ind1=" " ind2=" ">
    <subfield code="a">9687022183</subfield>
  </datafield>
  <datafield tag="050" ind1="0" ind2="4">
    <subfield code="a">RK351</subfield>
    <subfield code="b">P74 1996</subfield>
  </datafield>
  <datafield tag="100" ind1="1" ind2=" ">
    <subfield code="a">Preciado Zacarias, V.</subfield>
    <subfield code="q">Preciado Zacarias, Vicente</subfield>
  </datafield>
  <datafield tag="245" ind1="1" ind2="0">
    <subfield code="a">Manual de endodoncia </subfield>
    <subfield code="b"> : gu&#xED;a cl&#xED;nica </subfield>
    <subfield code="c"> / V. Preciado Zacarias ; colaboradores Fernando Goldberg,...[et al.]</subfield>
  </datafield>
  <datafield tag="250" ind1=" " ind2=" ">
    <subfield code="a">5a ed.</subfield>
  </datafield>
  <datafield tag="260" ind1=" " ind2=" ">
    <subfield code="a">M&#xE9;xico :</subfield>
    <subfield code="b">Ediciones Cuellar,</subfield>
    <subfield code="c">1996.</subfield>
  </datafield>
  <datafield tag="300" ind1=" " ind2=" ">
    <subfield code="a">260 p. :</subfield>
    <subfield code="b">il. ;</subfield>
    <subfield code="c">22 cm.</subfield>
  </datafield>
  <datafield tag="504" ind1=" " ind2=" ">
    <subfield code="a">Incluye bibliograf&#xED;a.</subfield>
  </datafield>
  <datafield tag="650" ind1=" " ind2="7">
    <subfield code="2">lemb</subfield>
    <subfield code="a">Pulpa dental</subfield>
    <subfield code="x">Enfermedades</subfield>
    <subfield code="v">Manuales</subfield>
  </datafield>
  <datafield tag="700" ind1="1" ind2=" ">
    <subfield code="a">Goldberg, Fernando,</subfield>
    <subfield code="e">colaborador</subfield>
  </datafield>
  <datafield tag="700" ind1="1" ind2=" ">
    <subfield code="a">Lasala, &#xC1;ngel,</subfield>
    <subfield code="e">colaborador</subfield>
  </datafield>
  <datafield tag="700" ind1="1" ind2=" ">
    <subfield code="a">Pineda, Franklin,</subfield>
    <subfield code="e">colaborador</subfield>
  </datafield>
  <datafield tag="700" ind1="1" ind2=" ">
    <subfield code="a">Holland, Roberto,</subfield>
    <subfield code="e">colaborador</subfield>
  </datafield>
  <datafield tag="700" ind1="1" ind2=" ">
    <subfield code="a">Souza, Valdir de,</subfield>
    <subfield code="e">colaborador</subfield>
  </datafield>
  <datafield tag="942" ind1=" " ind2=" ">
    <subfield code="2">lcc</subfield>
    <subfield code="c">LIB</subfield>
  </datafield>
  <datafield tag="999" ind1=" " ind2=" ">
    <subfield code="c">38838</subfield>
    <subfield code="d">38838</subfield>
  </datafield>
  <datafield tag="952" ind1=" " ind2=" ">
    <subfield code="1">0</subfield>
    <subfield code="2">lcc</subfield>
    <subfield code="4">0</subfield>
    <subfield code="7">0</subfield>
    <subfield code="a">LIC-028</subfield>
    <subfield code="b">LIC-028</subfield>
    <subfield code="c">GENERAL</subfield>
    <subfield code="d">2013-07-02</subfield>
    <subfield code="f">5a. ed.</subfield>
    <subfield code="i">CS</subfield>
    <subfield code="k">CS</subfield>
    <subfield code="l">6</subfield>
    <subfield code="o">RK351 P74 c1996</subfield>
    <subfield code="p">BFO000002850</subfield>
    <subfield code="r">2024-09-10 15:04:51</subfield>
    <subfield code="s">2024-09-10</subfield>
    <subfield code="t">1</subfield>
    <subfield code="y">LIB</subfield>
  </datafield>
  <datafield tag="952" ind1=" " ind2=" ">
    <subfield code="1">0</subfield>
    <subfield code="2">lcc</subfield>
    <subfield code="4">0</subfield>
    <subfield code="7">0</subfield>
    <subfield code="a">LIC-028</subfield>
    <subfield code="b">LIC-028</subfield>
    <subfield code="c">GENERAL</subfield>
    <subfield code="d">2016-07-06</subfield>
    <subfield code="f">5a ed.</subfield>
    <subfield code="i">CS</subfield>
    <subfield code="k">CS</subfield>
    <subfield code="l">1</subfield>
    <subfield code="o">RK351 P74 1996</subfield>
    <subfield code="p">BFO000002509</subfield>
    <subfield code="r">2024-03-06 18:13:55</subfield>
    <subfield code="s">2024-03-06</subfield>
    <subfield code="t">2</subfield>
    <subfield code="v">1.00</subfield>
    <subfield code="y">LIB</subfield>
  </datafield>
  <datafield tag="952" ind1=" " ind2=" ">
    <subfield code="1">0</subfield>
    <subfield code="2">lcc</subfield>
    <subfield code="4">0</subfield>
    <subfield code="7">0</subfield>
    <subfield code="a">LIC-028</subfield>
    <subfield code="b">LIC-028</subfield>
    <subfield code="c">GENERAL</subfield>
    <subfield code="d">2016-07-06</subfield>
    <subfield code="f">5a ed.</subfield>
    <subfield code="i">CS</subfield>
    <subfield code="k">CS</subfield>
    <subfield code="l">2</subfield>
    <subfield code="o">RK351 P74 1996</subfield>
    <subfield code="p">BFO000001515</subfield>
    <subfield code="r">2025-09-26 18:23:45</subfield>
    <subfield code="s">2025-09-26</subfield>
    <subfield code="t">3</subfield>
    <subfield code="v">1.00</subfield>
    <subfield code="y">LIB</subfield>
  </datafield>
  <datafield tag="952" ind1=" " ind2=" ">
    <subfield code="1">0</subfield>
    <subfield code="2">lcc</subfield>
    <subfield code="4">0</subfield>
    <subfield code="7">0</subfield>
    <subfield code="a">LIC-028</subfield>
    <subfield code="b">LIC-028</subfield>
    <subfield code="c">CONSULTA</subfield>
    <subfield code="d">2016-08-17</subfield>
    <subfield code="f">5a ed.</subfield>
    <subfield code="i">CS</subfield>
    <subfield code="k">CS</subfield>
    <subfield code="o">RK351 P74 1996</subfield>
    <subfield code="p">BFO000003235</subfield>
    <subfield code="r">2016-08-17 00:00:00</subfield>
    <subfield code="t">5</subfield>
    <subfield code="v">1.00</subfield>
    <subfield code="y">LIB</subfield>
    <subfield code="z">Codigo anterior BAO000000385</subfield>
  </datafield>
  <datafield tag="952" ind1=" " ind2=" ">
    <subfield code="1">0</subfield>
    <subfield code="2">lcc</subfield>
    <subfield code="4">0</subfield>
    <subfield code="7">0</subfield>
    <subfield code="a">LIC-028</subfield>
    <subfield code="b">LIC-028</subfield>
    <subfield code="c">CONSULTA</subfield>
    <subfield code="d">2016-08-17</subfield>
    <subfield code="f">5a. ed.</subfield>
    <subfield code="i">CS</subfield>
    <subfield code="k">CS</subfield>
    <subfield code="o">RK351 P74 1996</subfield>
    <subfield code="p">BFO000003236</subfield>
    <subfield code="r">2016-08-17 00:00:00</subfield>
    <subfield code="t">6</subfield>
    <subfield code="v">1.00</subfield>
    <subfield code="y">LIB</subfield>
    <subfield code="z">Codigo anterior BAO000000394</subfield>
  </datafield>
  <datafield tag="952" ind1=" " ind2=" ">
    <subfield code="1">0</subfield>
    <subfield code="2">lcc</subfield>
    <subfield code="4">0</subfield>
    <subfield code="7">0</subfield>
    <subfield code="a">LIC-028</subfield>
    <subfield code="b">LIC-028</subfield>
    <subfield code="c">GENERAL</subfield>
    <subfield code="d">2017-06-15</subfield>
    <subfield code="f">5a. ed.</subfield>
    <subfield code="i">CS</subfield>
    <subfield code="k">CS</subfield>
    <subfield code="o">RK351 P74 1996</subfield>
    <subfield code="p">BFO000002849</subfield>
    <subfield code="r">2017-06-15 00:00:00</subfield>
    <subfield code="t">C:4</subfield>
    <subfield code="y">LIB</subfield>
  </datafield>
</record>
